• 首页
  • 本馆介绍
  • 公告通知
  • 最新文献
  • 馆藏检索
  • 电子资源
  • 读者荐购
  • 参考咨询
  • CALIS
  • 我的图书馆
  • 登录
  • 详细信息显示
  • 放入我的书架
  • 预约/预借图书
  • 作者相关作品
  • 分类相关作品
  • 丛书相关作品
  • 出版社相关作品

书目信息

  • 表格格式
  • 工作单格式
  • 卡片格式
题名:
大型地下洞室群围岩稳定动态控制技术
    
 
作者: 周恒 , 狄圣杰 著
分册:  
出版信息: 郑州   黄河水利出版社  2021.08
页数: 353页
开本: 26cm
丛书名: 中国电建集团西北勘测设计研究院有限公司技术专著系列
单 册:
中图分类: TV5
科图分类:
主题词: 水利水电工程--shui li shui dian gong cheng--地下洞室--围岩稳定性--研究
电子资源:
ISBN: 978-7-5509-3064-3
 
 
 
 
 
000 01350oam2 2200253 450
001 011025153443
005 20221025153443.0
010    @a978-7-5509-3064-3@dCNY160.00
100    @a20201004d2021 em y0chiy0120 ea
101 0  @achi
102    @aCN@b410000
105    @aa z 000yy
106    @ar
200 1  @a大型地下洞室群围岩稳定动态控制技术@Ada xing di xia dong shi qun wei yan wen ding dong tai kong zhi ji shu@f周恒, 狄圣杰等著
210    @a郑州@c黄河水利出版社@d2021.08
215    @a353页@c图@d26cm
225 2  @a中国电建集团西北勘测设计研究院有限公司技术专著系列@Azhong guo dian jian ji tuan xi bei kan ce she ji yan jiu yuan you xian gong si ji shu zhuan zhu xi lie
330    @a本书依托国家西部地区多个大型水电站地下厂房的洞室工程建设项目,结合行业领域科研、设计、施工、监测和运行等技术开发课题成果,围绕洞室群不同开挖阶段围岩稳定面临的主要问题和矛盾演变,通过开展系列技术攻关与工程实践,研究并建立了一套水利水电大型地下洞室群围岩稳定动态分析理论、方法、控制标准、评价体系及动态控制系列施工技术,并在国内外十多个大型水利水电工程中进行了应用。
410  0 @12001 @a中国电建集团西北勘测设计研究院有限公司技术专著系列
606 0  @a水利水电工程@Ashui li shui dian gong cheng@x地下洞室@x围岩稳定性@x研究
690    @aTV5@v5
701  0 @a周恒@Azhou heng@4著
701  0 @a狄圣杰@Adi sheng jie@4著
905    @a河南城建学院图书馆@dTV5@eZ762
    
    大型地下洞室群围岩稳定动态控制技术/周恒, 狄圣杰等著.-郑州:黄河水利出版社,2021.08
    353页:图;26cm.-(中国电建集团西北勘测设计研究院有限公司技术专著系列)
    
    
    ISBN 978-7-5509-3064-3:CNY160.00
    本书依托国家西部地区多个大型水电站地下厂房的洞室工程建设项目,结合行业领域科研、设计、施工、监测和运行等技术开发课题成果,围绕洞室群不同开挖阶段围岩稳定面临的主要问题和矛盾演变,通过开展系列技术攻关与工程实践,研究并建立了一套水利水电大型地下洞室群围岩稳定动态分析理论、方法、控制标准、评价体系及动态控制系列施工技术,并在国内外十多个大型水利水电工程中进行了应用。
●
相关链接 在E读中查询图书 在当当中查询图书 在豆瓣中查询图书


正题名:大型地下洞室群围岩稳定动态控制技术     索取号:TV5/Z762         预约/预借

序号 登录号 条形码 馆藏地/架位号 状态 备注
1 1588216   215882169   自科库501/501自科库 47排2列5层/ [索取号:TV5/Z762] 在馆    
河南城建学院图书馆 欢迎您!
大连网信软件有限公司© 版权所有